[Event "34.Schlosspark-Open"]
[Site "Wiesbaden-Biebrich"]
[Date "2025.08.31"]
[Round "7.37"]
[White "Wagner, Stefan"]
[Black "Döhne, Vincent"]
[Result "1/2-1/2"]
[WhiteElo "1984"]
[BlackElo "1839"]
[PlyCount "66"]
[EventDate "2025.08.28"]
[WhiteTeam "SC Landskrone"]
[BlackTeam "SC 1979 Hattersheim"]

1. e4 c6 2. d4 d5 3. f3 e6 4. Bd3 c5 5. exd5 exd5 6. Qe2+ Be6 7. dxc5 Bxc5 8. Be3 d4 9. Bf2 Ne7 10. Nd2 Nbc6 11. Ne4 Qa5+ 12. Kf1 Nd5 13. g3 Be7 14. Kg2 O-O 15. h4 Ne5 16. Bxd4 Ng6 17. Qd2 Qxd2+ 18. Nxd2 Rfd8 19. Bxg6 hxg6 20. c3 Nb4 21. Ne2 Nc2 22. Rac1 Nxd4 23. Nxd4 Bc5 24. N4b3 Be3 25. Rc2 a5 26. Re1 Rd3 27. Nf1 Bb6 28. Nc1 Rd7 29. Rd2 Rad8 30. Rxd7 Rxd7 31. b3 Bc7 32. Kf2 b5 33. Ke2 Be5 1/2-1/2

[Event "34.Schlosspark-Open"]
[Site "Wiesbaden-Biebrich"]
[Date "2025.08.31"]
[Round "7.38"]
[White "Sikorra, Philipp"]
[Black "McAdam, Mark"]
[Result "0-1"]
[WhiteElo "1863"]
[BlackElo "2011"]
[PlyCount "72"]
[EventDate "2025.08.28"]
[WhiteTeam "SF Schönwald"]
[BlackTeam "SC Brett vorm Kopp Ffm"]

1. e4 c6 2. Nc3 d5 3. Nf3 Bg4 4. Be2 Nf6 5. e5 Nfd7 6. d4 e6 7. Ng5 Bf5 8. Bd3 Be7 9. Qh5 g6 10. Qh6 Bf8 11. Qh4 Bxd3 12. cxd3 Bg7 13. Qh3 h6 14. Nxe6 fxe6 15. Qxe6+ Qe7 16. Qxg6+ Qf7 17. Qxf7+ Kxf7 18. O-O Na6 19. a3 c5 20. Be3 Nxe5 21. dxe5 d4 22. f4 Rad8 23. Bxd4 Rxd4 24. Rae1 Rxd3 25. f5 Re8 26. f6 Bf8 27. Rf5 Nc7 28. g4 Ne6 29. Re4 Red8 30. h4 R3d4 31. Rh5 Rxe4 32. Nxe4 Rd4 33. Nf2 Kg6 34. Rf5 Rxg4+ 35. Nxg4 Kxf5 36. Nf2 Kxe5 0-1

[Event "34.Schlosspark-Open"]
[Site "Wiesbaden-Biebrich"]
[Date "2025.08.31"]
[Round "7.39"]
[White "Pioch, Thomas"]
[Black "Richter, Johanna"]
[Result "1/2-1/2"]
[WhiteElo "2007"]
[BlackElo "1851"]
[PlyCount "63"]
[EventDate "2025.08.28"]
[WhiteTeam "SC Flörsheim 1921"]
[BlackTeam "Sfr.Heidesheim"]

1. Nf3 Nf6 2. g3 g6 3. Bg2 Bg7 4. O-O O-O 5. c4 c6 6. d4 d5 7. Qb3 Qb6 8. Rd1 Bf5 9. Na3 Na6 10. Nh4 Be6 11. c5 Qxb3 12. axb3 Nd7 13. Nc2 f6 14. b4 Nc7 15. Nf3 Bf7 16. Bh3 Be6 17. Bg2 a6 18. Bf4 Nb5 19. h4 Rfe8 20. Na3 Nxa3 21. Rxa3 Bg4 22. Bc7 Rac8 23. Ba5 e5 24. Bf1 Bxf3 25. exf3 Kf7 26. Kg2 Re7 27. Re3 Nf8 28. f4 exd4 29. Rxe7+ Kxe7 30. Rxd4 f5 31. Rd2 Ne6 32. Bd3 1/2-1/2

[Event "34.Schlosspark-Open"]
[Site "Wiesbaden-Biebrich"]
[Date "2025.08.31"]
[Round "7.40"]
[White "Fucik, Timo"]
[Black "Riedel, Thomas"]
[Result "1-0"]
[WhiteElo "1936"]
[BlackElo "1825"]
[PlyCount "45"]
[EventDate "2025.08.28"]
[WhiteTeam "SK 1926 Ettlingen"]
[BlackTeam "SC Einrich e.V."]

1. d4 Nf6 2. Bg5 c5 3. d5 Qb6 4. Nc3 Qxb2 5. Bd2 Qb6 6. e4 e5 7. f4 exf4 8. e5 Ng8 9. Rb1 Qd8 10. Bxf4 d6 11. Bb5+ Bd7 12. exd6 Bxb5 13. Nxb5 Qf6 14. Nc7+ Kd8 15. Qe2 Bxd6 16. Bxd6 Qxd6 17. Nxa8 Nf6 18. Qf3 Re8+ 19. Ne2 Qe5 20. O-O Qxe2 21. Qxe2 Rxe2 22. Rxb7 Rxc2 23. Rxb8+ 1-0

[Event "34.Schlosspark-Open"]
[Site "Wiesbaden-Biebrich"]
[Date "2025.08.31"]
[Round "7.41"]
[White "Gieringer, Clemens"]
[Black "Schellen, Sven"]
[Result "1/2-1/2"]
[WhiteElo "1932"]
[BlackElo "1806"]
[PlyCount "51"]
[EventDate "2025.08.28"]
[WhiteTeam "Sfr.Mainz 1928"]
[BlackTeam "SV Frankfurt Nord 1926"]

1. Nf3 d5 2. e3 c5 3. b3 Nc6 4. Bb2 Bg4 5. Bb5 f6 6. d4 e6 7. Nbd2 Rc8 8. a3 Bd6 9. Be2 cxd4 10. exd4 Nh6 11. O-O O-O 12. c4 Bb8 13. Re1 Re8 14. Nf1 Nf5 15. c5 Qc7 16. h3 Bxf3 17. Bxf3 Nh4 18. Bg4 f5 19. Be2 Rcd8 20. b4 e5 21. dxe5 Nxe5 22. Bxe5 Rxe5 23. Qd2 Qf7 24. f4 Qg6 25. g3 Re4 26. Kf2 1/2-1/2

[Event "34.Schlosspark-Open"]
[Site "Wiesbaden-Biebrich"]
[Date "2025.08.31"]
[Round "7.42"]
[White "Faßler, Felix"]
[Black "Neurohr, Jürgen"]
[Result "1/2-1/2"]
[WhiteElo "1822"]
[BlackElo "1951"]
[PlyCount "43"]
[EventDate "2025.08.28"]
[WhiteTeam "SC Fulda"]
[BlackTeam "Sfr.Mainz 1928"]

1. e4 e5 2. Nf3 Nc6 3. Bb5 a6 4. Ba4 Nf6 5. d3 d6 6. c3 g6 7. O-O Bg7 8. Re1 O-O 9. Nbd2 h6 10. Nf1 b5 11. Bc2 a5 12. h3 Re8 13. Be3 d5 14. Ng3 dxe4 15. Nxe4 Nxe4 16. dxe4 Be6 17. Bb3 a4 18. Bxe6 Rxe6 19. Qe2 Rb8 20. Red1 Qe8 21. b4 axb3 22. axb3 1/2-1/2

[Event "34.Schlosspark-Open"]
[Site "Wiesbaden-Biebrich"]
[Date "2025.08.31"]
[Round "7.44"]
[White "Trenz, Finn"]
[Black "Moldenhauer, Lennart"]
[Result "1/2-1/2"]
[WhiteElo "1932"]
[BlackElo "1767"]
[PlyCount "93"]
[EventDate "2025.08.28"]
[WhiteTeam "SV Multatuli Ingelheim e.V."]
[BlackTeam "SV Oberursel"]

1. h4 e5 2. b3 d5 3. Bb2 Bd6 4. Nf3 f6 5. e3 c5 6. c4 d4 7. exd4 exd4 8. d3 Nc6 9. Nbd2 Nh6 10. Ne4 Be7 11. g3 Bg4 12. Be2 Bf5 13. Nfd2 Nf7 14. f4 Qc8 15. Bc1 Nh6 16. Nf2 Qc7 17. Nde4 O-O-O 18. g4 Bd7 19. Ng3 Bd6 20. Nh5 Be8 21. g5 Nf5 22. Bg4 Qe7+ 23. Kf1 Bd7 24. gxf6 gxf6 25. Ne4 Rdf8 26. Qf3 Rhg8 27. Bxf5 Bxf5 28. Nxd6+ Qxd6 29. Ng3 Bg4 30. Qf2 f5 31. Bd2 Re8 32. Re1 Re6 33. Rxe6 Qxe6 34. a3 a5 35. Kg2 b6 36. b4 axb4 37. axb4 Qd7 38. bxc5 bxc5 39. Ra1 Qb7 40. Kh2 Kd7 41. Qg2 Nd8 42. Qxb7+ Nxb7 43. Ra6 Rg6 44. Rxg6 hxg6 45. Kg2 Kc6 46. Kf2 Kb6 47. Nf1 1/2-1/2

[Event "34.Schlosspark-Open"]
[Site "Wiesbaden-Biebrich"]
[Date "2025.08.31"]
[Round "7.45"]
[White "Ziska, Stephan"]
[Black "Hrytseniuk, Yanislav"]
[Result "0-1"]
[WhiteElo "1835"]
[BlackElo "1963"]
[PlyCount "122"]
[EventDate "2025.08.28"]
[WhiteTeam "SF Bürstadt"]
[BlackTeam "Sfr.Mainz 1928"]

1. e4 e5 2. d4 exd4 3. Qxd4 Nc6 4. Qd3 Nf6 5. Nc3 Bb4 6. Bd2 d6 7. Nf3 h6 8. a3 Ba5 9. Be2 Be6 10. O-O O-O 11. Rad1 Bb6 12. Be3 Nd7 13. Bxb6 Nxb6 14. Nd5 Nd7 15. Qc3 a6 16. b4 Bxd5 17. exd5 Nce5 18. Nxe5 Nxe5 19. Qd4 Qd7 20. c4 a5 21. c5 axb4 22. axb4 Rfe8 23. Ra1 Qe7 24. h3 Rxa1 25. Rxa1 Qf6 26. Rd1 Qe7 27. Ra1 Rd8 28. Qe4 dxc5 29. bxc5 Ng6 30. Qc4 Qg5 31. d6 Nf4 32. Bf3 cxd6 33. cxd6 Qf6 34. Rd1 Nxh3+ 35. Kf1 Ng5 36. Bxb7 Rxd6 37. Rxd6 Qxd6 38. Bd5 g6 39. Kg1 Qf6 40. Qa2 Kg7 41. Qc4 Nh7 42. Qa2 Nf8 43. Qc4 Nd7 44. Qa2 Kg8 45. Qa8+ Kg7 46. Qa2 h5 47. Qa8 Nb6 48. Qa2 Nc8 49. Bf3 Nd6 50. Qa8 Nf5 51. Qb7 Qe5 52. Bd5 Nd4 53. Bxf7 Qe1+ 54. Kh2 Ne2 55. Qb2+ Kxf7 56. Qb7+ Ke6 57. Qe4+ Kf6 58. Qc6+ Kg7 59. Qb7+ Kh6 60. g3 Qxf2+ 61. Qg2 Qxg2+ 0-1

[Event "34.Schlosspark-Open"]
[Site "Wiesbaden-Biebrich"]
[Date "2025.08.31"]
[Round "7.46"]
[White "Klein, Deniz"]
[Black "Joshi, Kanad"]
[Result "1/2-1/2"]
[WhiteElo "1956"]
[BlackElo "1749"]
[PlyCount "86"]
[EventDate "2025.08.28"]
[WhiteTeam "SK Kaiserslautern 1905"]
[BlackTeam "SV Oberursel"]

1. e4 e5 2. Nf3 Nc6 3. Bb5 a6 4. Ba4 Bc5 5. c3 b5 6. Bc2 d6 7. O-O Nf6 8. h3 O-O 9. Re1 h6 10. d3 Re8 11. Nbd2 Bb6 12. Nf1 Ne7 13. Ng3 Ng6 14. Nh2 c6 15. Ng4 Nxg4 16. hxg4 Qh4 17. Be3 Bxe3 18. Rxe3 Bxg4 19. Qe1 Qg5 20. d4 Nf4 21. Bd1 Bxd1 22. Rxd1 h5 23. Qf1 Rad8 24. Ne2 h4 25. dxe5 dxe5 26. Rxd8 Rxd8 27. Nxf4 Qxf4 28. Rd3 Rxd3 29. Qxd3 g6 30. Qe2 Kg7 31. f3 Qc1+ 32. Kh2 Qf4+ 33. Kg1 Qg3 34. Qf2 Qxf2+ 35. Kxf2 g5 36. g3 Kg6 37. b3 c5 38. b4 c4 39. g4 Kf6 40. a3 Ke6 41. Kg2 Kd6 42. Kh3 Kc6 43. Kg2 Kb6 1/2-1/2

[Event "34.Schlosspark-Open"]
[Site "Wiesbaden-Biebrich"]
[Date "2025.08.31"]
[Round "7.49"]
[White "Schmitt, Carsten"]
[Black "Khalilov, Asrat"]
[Result "1-0"]
[WhiteElo "1913"]
[BlackElo "1680"]
[PlyCount "72"]
[EventDate "2025.08.28"]
[WhiteTeam "SV Bergwinkel"]
[BlackTeam "SK Bad Schwalbach"]

1. c4 c5 2. g3 Nc6 3. Bg2 g6 4. Nc3 Bg7 5. a3 Nf6 6. e4 d6 7. Nge2 O-O 8. O-O Bd7 9. h3 a6 10. Rb1 Qc7 11. b4 cxb4 12. axb4 Ne5 13. d3 Rab8 14. b5 axb5 15. cxb5 Be6 16. f4 Ned7 17. f5 gxf5 18. exf5 Bd5 19. Bxd5 Nxd5 20. Nxd5 Qc5+ 21. Ne3 Bh6 22. d4 Bxe3+ 23. Bxe3 Qc7 24. Nf4 Nf6 25. Nh5 Kh8 26. Nxf6 exf6 27. d5 Qc3 28. Qd4 Qxd4 29. Bxd4 Kg7 30. Rf4 Rg8 31. Rg4+ Kf8 32. Rxg8+ Kxg8 33. Bxf6 Rc8 34. b6 Rc5 35. Ra1 h5 36. Ra8+ Kh7 1-0

[Event "34.Schlosspark-Open"]
[Site "Wiesbaden-Biebrich"]
[Date "2025.08.31"]
[Round "7.50"]
[White "Mehlen, Theodor"]
[Black "Feick, Claas Marten"]
[Result "0-1"]
[WhiteElo "1813"]
[BlackElo "1872"]
[PlyCount "126"]
[EventDate "2025.08.28"]
[WhiteTeam "SC Matt im Park Ffm"]
[BlackTeam "SF Neuberg"]

1. e4 c5 2. Nf3 e6 3. d4 cxd4 4. Nxd4 Nc6 5. Nc3 Qc7 6. a3 Nf6 7. Be3 a6 8. Qf3 d6 9. Nxc6 bxc6 10. Qg3 e5 11. Bg5 Be7 12. Bxf6 Bxf6 13. Bc4 h5 14. Qd3 h4 15. h3 Rh6 16. O-O-O a5 17. a4 Qb6 18. Kb1 Rb8 19. b3 Be7 20. g4 hxg3 21. Qxg3 Rg6 22. Qf3 Rf6 23. Qe3 Rxf2 24. Qg3 Qc5 25. Qd3 Rf6 26. Rdf1 Be6 27. Bxe6 fxe6 28. Rxf6 Bxf6 29. Kb2 Ke7 30. h4 Rh8 31. h5 Bg5 32. Qa6 Rb8 33. Qd3 Bh6 34. Rf1 Rf8 35. Rxf8 Kxf8 36. Qa6 Bg5 37. Qc8+ Kf7 38. Qa6 Bc1+ 39. Kxc1 Qxc3 40. Qb7+ Kf6 41. Qd7 Qe3+ 42. Kb1 Qe1+ 43. Kb2 Qxe4 44. Qd8+ Kf5 45. Qf8+ Kg5 46. Qxg7+ Kxh5 47. Qf7+ Kg5 48. Qe7+ Kf4 49. Qxe6 Qd4+ 50. Kb1 Ke4 51. Qd7 Kd5 52. Qf7+ Kc5 53. Qf5 Kb4 54. Qf1 Qc3 55. Qc1 e4 56. Ka2 Kc5 57. Qg1+ e3 58. Qd1 Qd2 59. Qh5+ d5 60. Qf5 Qf2 61. Qd3 e2 62. Qc3+ Kd6 63. Qxa5 e1=Q 0-1

[Event "34.Schlosspark-Open"]
[Site "Wiesbaden-Biebrich"]
[Date "2025.08.31"]
[Round "7.52"]
[White "Gundlach, Michael"]
[Black "Mönch, Dorothée"]
[Result "1-0"]
[WhiteElo "2070"]
[BlackElo "1768"]
[PlyCount "87"]
[EventDate "2025.08.28"]
[WhiteTeam "Sfr.Mainz 1928"]
[BlackTeam "Sfr.Mainz 1928"]

1. c4 Nf6 2. g3 e5 3. Bg2 c6 4. d4 e4 5. Nc3 d5 6. cxd5 cxd5 7. Bg5 Be7 8. Qb3 Nc6 9. Bxf6 Bxf6 10. Qxd5 Qb6 11. Nxe4 Be6 12. Nxf6+ gxf6 13. Qc5 Nxd4 14. Qxb6 axb6 15. O-O-O O-O-O 16. e3 Nc6 17. Ne2 Bxa2 18. Be4 h5 19. Rxd8+ Rxd8 20. Rd1 Rh8 21. h4 Kc7 22. Nf4 Ne5 23. Bd5 Bxd5 24. Nxd5+ Kc6 25. Nxf6 Rh6 26. Ne4 f5 27. Ng5 Ng4 28. Nh3 Kc5 29. Rd2 Kc4 30. Kc2 b5 31. Nf4 Kb4 32. Rd4+ Ka5 33. Nd3 Rc6+ 34. Kd2 Rc4 35. f3 Rxd4 36. exd4 Nf6 37. Nf4 Kb4 38. d5 Ka5 39. Ke3 Kb4 40. d6 Kb3 41. Nxh5 Nd7 42. Nf4 Kxb2 43. h5 Ne5 44. Nd3+ 1-0

[Event "34.Schlosspark-Open"]
[Site "Wiesbaden-Biebrich"]
[Date "2025.08.31"]
[Round "7.53"]
[White "Kobs, Stephan"]
[Black "Vilain, Philip"]
[Result "1-0"]
[WhiteElo "1915"]
[BlackElo "1767"]
[PlyCount "35"]
[EventDate "2025.08.28"]
[WhiteTeam "TSG 1846 Bretzenheim/ZMO"]
[BlackTeam "SC Heitersheim"]

1. e4 e6 2. d4 d5 3. Nc3 Nf6 4. Bg5 Be7 5. e5 Nfd7 6. Bxe7 Qxe7 7. f4 O-O 8. Nf3 a6 9. Bd3 c5 10. Bxh7+ Kh8 11. Bd3 Nc6 12. Ng5 g6 13. h4 Kg7 14. h5 Rh8 15. h6+ Kf8 16. dxc5 Qxc5 17. Qd2 b5 18. Bxg6 1-0

[Event "34.Schlosspark-Open"]
[Site "Wiesbaden-Biebrich"]
[Date "2025.08.31"]
[Round "7.54"]
[White "Gärtner, David"]
[Black "Diehl, Stefan"]
[Result "0-1"]
[WhiteElo "1809"]
[BlackElo "1856"]
[PlyCount "36"]
[EventDate "2025.08.28"]
[WhiteTeam "Sfr.Mainz 1928"]
[BlackTeam "SC 1910 Höchst"]

1. e4 c6 2. Nc3 d5 3. Nf3 dxe4 4. Nxe4 Nf6 5. Nxf6+ exf6 6. d4 Bd6 7. Bd3 O-O 8. h3 Re8+ 9. Be2 Nd7 10. Be3 Nf8 11. O-O Ng6 12. c3 Bc7 13. h4 Qd6 14. g3 Rxe3 15. fxe3 Qxg3+ 16. Kh1 Nxh4 17. Rg1 Qh3+ 18. Nh2 Qxh2# 0-1

[Event "34.Schlosspark-Open"]
[Site "Wiesbaden-Biebrich"]
[Date "2025.08.31"]
[Round "7.55"]
[White "Launert, Martin"]
[Black "Sefeloge, Michael"]
[Result "1/2-1/2"]
[WhiteElo "1855"]
[BlackElo "1761"]
[PlyCount "64"]
[EventDate "2025.08.28"]
[WhiteTeam "Schachfreunde Eltville"]
[BlackTeam "SV Turm Lahnstein"]

1. e4 c5 2. Nf3 d6 3. Bb5+ Bd7 4. Bxd7+ Nxd7 5. O-O e6 6. c3 Ngf6 7. Re1 Be7 8. d4 cxd4 9. cxd4 O-O 10. Nc3 a6 11. h3 b5 12. a3 Rc8 13. Be3 Qc7 14. Bg5 h6 15. Bf4 Rfd8 16. g4 Nh7 17. Bg3 Nb6 18. Qe2 Ng5 19. Nxg5 Bxg5 20. h4 Be7 21. Rac1 Qd7 22. Kg2 Re8 23. Red1 f5 24. Na2 fxe4 25. Qxe4 Rxc1 26. Nxc1 Na4 27. Rd2 Bf6 28. Qd3 Qc6+ 29. Kh2 Qxc1 30. g5 hxg5 31. Qg6 Qxd2 32. Qxe8+ Kh7 1/2-1/2

[Event "34.Schlosspark-Open"]
[Site "Wiesbaden-Biebrich"]
[Date "2025.08.31"]
[Round "7.56"]
[White "Zeyen, Helmut"]
[Black "Hübner, Kai"]
[Result "0-1"]
[WhiteElo "1845"]
[BlackElo "1763"]
[PlyCount "62"]
[EventDate "2025.08.28"]
[WhiteTeam "Wiesbadener SV 1885"]
[BlackTeam "SC Flörsheim 1921"]

1. e4 d6 2. d4 Nf6 3. Nc3 Nbd7 4. Nf3 e5 5. d5 Be7 6. Bd3 a6 7. a4 h6 8. h3 Nf8 9. Be3 Bd7 10. g4 N6h7 11. Qd2 Ng5 12. Be2 Nxf3+ 13. Bxf3 Bg5 14. Bxg5 hxg5 15. O-O-O Ng6 16. Ne2 Bxa4 17. Nc3 Bd7 18. Ne2 a5 19. Qe3 b5 20. Kd2 b4 21. Qb3 Rb8 22. Ra1 a4 23. Rxa4 Bxa4 24. Qxa4+ Kf8 25. Ng3 Nh4 26. Be2 g6 27. Ra1 Kg7 28. Qc6 Qf6 29. Qxc7 Qf4+ 30. Kd1 Qxf2 31. Ra7 Rhf8 0-1

[Event "34.Schlosspark-Open"]
[Site "Wiesbaden-Biebrich"]
[Date "2025.08.31"]
[Round "7.57"]
[White "Ziegler, Jörg"]
[Black "Depner, Michael"]
[Result "1/2-1/2"]
[WhiteElo "1838"]
[BlackElo "1723"]
[PlyCount "55"]
[EventDate "2025.08.28"]
[WhiteTeam "SAbt BKA Wiesbaden"]
[BlackTeam "SK 1962 Ladenburg"]

1. e4 e5 2. Nf3 Nc6 3. Bb5 Nf6 4. d3 Bc5 5. h3 a6 6. Ba4 b5 7. Bb3 d6 8. c3 h6 9. Nbd2 a5 10. Nf1 a4 11. Bc2 O-O 12. Ne3 Re8 13. O-O Bb6 14. Re1 Bb7 15. Nf5 Ne7 16. Ng3 Ng6 17. Nf5 Bc8 18. d4 Bb7 19. dxe5 dxe5 20. Ng3 Qxd1 21. Rxd1 Rad8 22. Re1 Bc5 23. Be3 Bxe3 24. Rxe3 c5 25. b3 a3 26. Rd1 Rxd1+ 27. Bxd1 Rd8 28. Bc2 1/2-1/2

[Event "34.Schlosspark-Open"]
[Site "Wiesbaden-Biebrich"]
[Date "2025.08.31"]
[Round "7.58"]
[White "Fröhlich-Dill, Astrid"]
[Black "Wagner, Cosima Thien-An"]
[Result "1-0"]
[WhiteElo "1786"]
[BlackElo "1837"]
[PlyCount "71"]
[EventDate "2025.08.28"]
[WhiteTeam "SV 1920 Hofheim"]
[BlackTeam "TV Tegernsee"]

1. d4 d5 2. c4 dxc4 3. Nc3 a6 4. a4 Nf6 5. e4 Nc6 6. e5 Nd5 7. Bxc4 Nb6 8. Bd3 Nxd4 9. Be3 Nc6 10. Bxb6 cxb6 11. f4 e6 12. Nf3 Bc5 13. Ne4 Nb4 14. Nxc5 bxc5 15. Be4 Nd5 16. O-O h6 17. Qc1 b6 18. Nd2 O-O 19. Nc4 Qc7 20. f5 f6 21. fxe6 Bb7 22. Nd6 Bc6 23. Qd2 fxe5 24. Rxf8+ Kxf8 25. Rf1+ Nf6 26. e7+ Kxe7 27. Bxc6 Qxc6 28. Nf5+ Kf7 29. Qc3 Qd5 30. Qg3 Rg8 31. Kh1 Qd8 32. Nh4 g5 33. Nf5 Rg6 34. Ne3 Kg7 35. Qf3 Qe7 36. Nf5+ 1-0

[Event "34.Schlosspark-Open"]
[Site "Wiesbaden-Biebrich"]
[Date "2025.08.31"]
[Round "7.59"]
[White "Münstermann, Matthias"]
[Black "Mrsic, Ivan"]
[Result "1/2-1/2"]
[WhiteElo "1760"]
[BlackElo "1829"]
[PlyCount "44"]
[EventDate "2025.08.28"]
[WhiteTeam "SK Langen"]
[BlackTeam "Sfr.Mainz 1928"]

1. d4 g6 2. e4 Bg7 3. Nf3 d6 4. Bc4 Nf6 5. Nc3 Bg4 6. h3 Bxf3 7. Qxf3 Nc6 8. Be3 e5 9. Bb5 O-O 10. Bxc6 bxc6 11. dxe5 dxe5 12. O-O Qb8 13. Rab1 Nd7 14. Qe2 Rd8 15. Na4 Qb4 16. Nc3 a5 17. a3 Qb7 18. Rfd1 Nf8 19. b3 Ne6 20. f3 Nd4 21. Qf2 Nb5 22. Nxb5 cxb5 1/2-1/2

[Event "34.Schlosspark-Open"]
[Site "Wiesbaden-Biebrich"]
[Date "2025.08.31"]
[Round "7.60"]
[White "Cichon, Jörg"]
[Black "Bolduan, Michael"]
[Result "1/2-1/2"]
[WhiteElo "1744"]
[BlackElo "1825"]
[PlyCount "38"]
[EventDate "2025.08.28"]
[WhiteTeam "Sfr.Mainz 1928"]
[BlackTeam "Sfr Stiller Zug Wiesbaden"]

1. e4 e6 2. d4 d5 3. exd5 exd5 4. Bd3 Nc6 5. c3 Bd6 6. Nf3 Bg4 7. h3 Bh5 8. Nbd2 Nf6 9. O-O O-O 10. Re1 Rc8 11. Re8 Qxe8 12. Qc2 Bg6 13. Bxg6 hxg6 14. Nf1 Qd7 15. Be3 Ne7 16. Re1 Rfe8 17. Qc1 Nf5 18. Bf4 Rxe1 19. Nxe1 Qe6 1/2-1/2

[Event "34.Schlosspark-Open"]
[Site "Wiesbaden-Biebrich"]
[Date "2025.08.31"]
[Round "7.61"]
[White "Kolker, Vladislav"]
[Black "Gärtner, Johannes"]
[Result "1/2-1/2"]
[WhiteElo "1825"]
[BlackElo "1740"]
[PlyCount "31"]
[EventDate "2025.08.28"]
[WhiteTeam "SC Bad Nauheim"]
[BlackTeam "Sfr.Mainz 1928"]

1. e4 e6 2. Nf3 d5 3. e5 c5 4. b4 cxb4 5. a3 bxa3 6. Nxa3 Nc6 7. d4 Nge7 8. c3 Nf5 9. Bd3 Be7 10. Nc2 O-O 11. h4 f6 12. g4 fxe5 13. dxe5 Nh6 14. Ng5 g6 15. f4 Nf7 16. Nxh7 1/2-1/2

[Event "34.Schlosspark-Open"]
[Site "Wiesbaden-Biebrich"]
[Date "2025.08.31"]
[Round "7.62"]
[White "Brandt, Michael"]
[Black "Vranckx, Gabriel"]
[Result "1/2-1/2"]
[WhiteElo "1817"]
[BlackElo "1622"]
[PlyCount "52"]
[EventDate "2025.08.28"]
[WhiteTeam "FT Schierstein"]
[BlackTeam "Sfr.Mainz 1928"]

1. f4 d5 2. Nf3 Nc6 3. e3 Nf6 4. Bb5 a6 5. Bxc6+ bxc6 6. O-O Bg4 7. b3 e6 8. Bb2 a5 9. h3 Bh5 10. d3 Bd6 11. Nbd2 O-O 12. Qe1 Nd7 13. Ne5 Nxe5 14. Bxe5 f6 15. Bxd6 cxd6 16. d4 c5 17. c3 e5 18. fxe5 fxe5 19. c4 dxc4 20. Rxf8+ Qxf8 21. dxe5 cxb3 22. axb3 dxe5 23. Nc4 e4 24. Rxa5 Rxa5 25. Qxa5 Bf7 26. Nd2 Bd5 1/2-1/2

[Event "34.Schlosspark-Open"]
[Site "Wiesbaden-Biebrich"]
[Date "2025.08.31"]
[Round "7.63"]
[White "Froitzheim, Ralf"]
[Black "Vick, Edward"]
[Result "0-1"]
[WhiteElo "1851"]
[BlackElo "1719"]
[PlyCount "127"]
[EventDate "2025.08.28"]
[WhiteTeam "Schachgemeinschaft Niederkassel"]
[BlackTeam "TuS Makkabi Wiesbaden"]

1. c4 e6 2. g3 c5 3. Nf3 Nc6 4. Bg2 Nf6 5. O-O d5 6. cxd5 exd5 7. d4 cxd4 8. Nxd4 Bc5 9. Nb3 Bb6 10. Bg5 Be6 11. Nc3 O-O 12. Qd2 h6 13. Bxf6 Qxf6 14. Bxd5 Rfd8 15. Rad1 Bh3 16. Ne4 Qf5 17. Rfe1 Ne7 18. Bxf7+ Kxf7 19. Qb4 Nc6 20. Qc4+ Qe6 21. Qxe6+ Kxe6 22. Nec5+ Bxc5 23. Nxc5+ Ke7 24. f3 Rxd1 25. Rxd1 b6 26. Ne4 Bf5 27. Nc3 Rd8 28. Rxd8 Nxd8 29. e4 Be6 30. Kf2 Nc6 31. Ke3 a6 32. f4 g6 33. a3 Na5 34. Kd4 Kd6 35. e5+ Kc6 36. b4 Nc4 37. a4 Nd2 38. b5+ Kb7 39. h4 Nf3+ 40. Ke3 Nh2 41. Kf2 Bb3 42. Kg2 Ng4 43. Kf3 h5 44. Ke4 Nh6 45. Kf3 Nf5 46. Kf2 Bc4 47. Kg2 axb5 48. axb5 Nd4 49. Kh3 Nxb5 50. Ne4 Be6+ 51. Kh2 Kc6 52. Kg1 Nd4 53. Kf2 Nf5 54. Nf6 b5 55. Ne4 Kd5 56. Nc3+ Kc4 57. Nxb5 Kxb5 58. Kg2 Ne3+ 59. Kf3 Ng4 60. Kg2 Kc4 61. Kh3 Nxe5+ 62. Kg2 Nd3 63. Kf3 Kd4 64. Ke2 0-1

[Event "34.Schlosspark-Open"]
[Site "Wiesbaden-Biebrich"]
[Date "2025.08.31"]
[Round "7.64"]
[White "Porstendörfer, Yannik"]
[Black "Berberich, Christoph"]
[Result "1-0"]
[WhiteElo "1742"]
[BlackElo "1876"]
[PlyCount "41"]
[EventDate "2025.08.28"]
[WhiteTeam "SK 1982 Klingenberg e.V."]
[BlackTeam "SK Freiburg-Zähringen 1887 e.V."]

1. d4 c5 2. d5 Nf6 3. Nc3 g6 4. e4 d6 5. Be3 Bg7 6. Qd2 Qb6 7. Rb1 Qa5 8. f3 O-O 9. Bh6 Bxh6 10. Qxh6 e6 11. h4 exd5 12. h5 d4 13. hxg6 fxg6 14. Bc4+ Rf7 15. Bxf7+ Kxf7 16. g4 dxc3 17. b3 Qxa2 18. Rc1 Be6 19. Nh3 Nbd7 20. Ng5+ Ke7 21. Qg7+ 1-0

[Event "34.Schlosspark-Open"]
[Site "Wiesbaden-Biebrich"]
[Date "2025.08.31"]
[Round "7.65"]
[White "Meding, Olaf"]
[Black "Stehning, Michel"]
[Result "0-1"]
[WhiteElo "1842"]
[BlackElo "1709"]
[PlyCount "62"]
[EventDate "2025.08.28"]
[WhiteTeam "Sfr.Mainz 1928"]
[BlackTeam "SF Braunfels"]

1. d4 d5 2. Nc3 Nf6 3. Bf4 a6 4. e3 e6 5. Nf3 Be7 6. Bd3 Nbd7 7. O-O c5 8. Ne5 O-O 9. b3 Re8 10. Qf3 Nxe5 11. dxe5 Nd7 12. Qg3 b5 13. Rfd1 Qa5 14. Qh3 Nf8 15. Nb1 c4 16. Be2 Bb7 17. Nd2 Bb4 18. Nf3 Bc3 19. Rab1 Qxa2 20. Qg3 Qxc2 21. Rdc1 Qxe2 22. Bh6 Ng6 23. Rxc3 gxh6 24. h4 b4 25. Re1 Qb2 26. Rcc1 Qxb3 27. h5 Qd3 28. Nd4 Qe4 29. hxg6 hxg6 30. f4 Kh7 31. Qh4 g5 0-1

[Event "34.Schlosspark-Open"]
[Site "Wiesbaden-Biebrich"]
[Date "2025.08.31"]
[Round "7.66"]
[White "Brauch, Manfred"]
[Black "Drygalla, Alexander"]
[Result "1-0"]
[WhiteElo "1801"]
[BlackElo "1689"]
[PlyCount "43"]
[EventDate "2025.08.28"]
[WhiteTeam "SG Pieroth/Burg Layen"]
[BlackTeam "Schachverein Merseburg"]

1. d4 Nf6 2. Nf3 e6 3. e3 c5 4. c3 Nc6 5. Bd3 Qc7 6. O-O e5 7. e4 cxd4 8. cxd4 Nxd4 9. Nxd4 exd4 10. Nd2 Bc5 11. Nf3 O-O 12. e5 Ng4 13. Bxh7+ Kxh7 14. Ng5+ Kg8 15. Qxg4 Qxe5 16. Qh3 Re8 17. Bd2 d6 18. Qh7+ Kf8 19. Rae1 Bf5 20. Qh8+ Ke7 21. Rxe5+ dxe5 22. Qxg7 1-0

[Event "34.Schlosspark-Open"]
[Site "Wiesbaden-Biebrich"]
[Date "2025.08.31"]
[Round "7.67"]
[White "Ju, Eric Zirui"]
[Black "Schmidt, Jörg"]
[Result "1/2-1/2"]
[WhiteElo "1699"]
[BlackElo "1800"]
[PlyCount "179"]
[EventDate "2025.08.28"]
[WhiteTeam "SV Oberursel"]
[BlackTeam "SK Niederbrechen 1948"]

1. e4 c5 2. Nf3 Nc6 3. d4 cxd4 4. Nxd4 g6 5. Nc3 Bg7 6. Be3 Nf6 7. Be2 O-O 8. O-O a6 9. Qd2 Re8 10. Rad1 Nxd4 11. Bxd4 d6 12. f3 b5 13. a3 Bb7 14. Be3 Qa5 15. Bh6 Kh8 16. Bg5 Rac8 17. Bd3 Qb6+ 18. Qe3 Nd7 19. Qxb6 Nxb6 20. Bd2 Nc4 21. Bxc4 Rxc4 22. Be1 Rec8 23. Rd3 a5 24. Rd1 b4 25. axb4 axb4 26. Na2 b3 27. cxb3 Rc2 28. Rf2 Rxb2 29. Rxb2 Bxb2 30. h3 Rc5 31. b4 Rb5 32. Rd2 Be5 33. Rc2 d5 34. exd5 Rxd5 35. Bd2 Kg7 36. Nc1 Bd6 37. Ne2 Ba6 38. Bc3+ f6 39. Kf2 Rd1 40. Rb2 Rf1+ 41. Ke3 Bb5 42. Bd2 g5 43. Nc3 Be5 44. Rc2 Bc4 45. Ke4 Rf2 46. g4 e6 47. Ke3 Rh2 48. Ke4 Bf4 49. Nb1 Bd5+ 50. Kd4 Bxf3 51. b5 f5 52. b6 Be4 53. Ra2 Bxb1 54. Bxf4 Rxa2 55. b7 Rb2 56. b8=Q Rxb8 57. Bxb8 f4 58. Ba7 Ba2 59. Ke5 Kf7 60. h4 h6 61. hxg5 hxg5 62. Bb6 Bd5 63. Bd8 Kg6 64. Bb6 Bf3 65. Kxe6 Bxg4+ 66. Ke5 Bf5 67. Bg1 Bc2 68. Bh2 f3 69. Bg1 Bd1 70. Ke4 Be2 71. Bf2 Kh5 72. Ke3 Kg4 73. Be1 Kh3 74. Kf2 Kh2 75. Bd2 g4 76. Bf4+ Kh3 77. Bg3 Bd1 78. Be5 Kh4 79. Bf4 Kh5 80. Bg3 Kg5 81. Bb8 Kf5 82. Bg3 Ke4 83. Bb8 Be2 84. Bg3 Kd3 85. Bb8 Bd1 86. Bg3 Kd2 87. Bf4+ Kd3 88. Bg3 Ke4 89. Bb8 Be2 90. Bg3 1/2-1/2